=LDR 00000nam 2200000 4500 =001 000154 =020 $9789792499056 =082 $641.500 =100 $Lisa Esti PH =245 $Menu favorit sehat bergizi 30 menit sarapan pagi berbahan nasi =250 $Cetakan I =264 $Yogyakarta: Pustaka Anggrek 2022 =300 $28 halaman; 14 x 20,5 cm =650 $Makanan =905 $641.5 LIS m =336 $$a =337 $$a =338 $$a =005 20260702151432.0 =008 260702s2026\\\\\\\\\\\\\\\\\\\\\\\\\\\\\\\\\\\\\\\\\